000 00508ntaaa2200193 4500
003 01
005 20251027201558.0
008 0714s1973 ag 01
040 _aAR-BaBN
_bspa
_cAR-BaBN
_eaacr
_dRIC
082 _a230.0000 K42
100 _aKenyon, E. W.
_914446
245 _aBiblia a la Luz de Nuestra Redención
250 _a1 ed.
260 _a?éxico :
_bD. F., Publicaciones "Nuevo Pacto",
_cn.f.
300 _a263 p.
500 _aun curso teológico sencillo
650 _aTeología
942 _cBK
999 _c10397
_d10397